Sports Quiz

Random Sports or Basketball Quiz

NY Knicks All-Stars (1960-Present) Quiz Stats

 Plays Quiz not verified by Sporcle

Challenge
Share
Tweet
Embed
Score 0/59 Timer 05:00
0 Plays Today
Year Player % Correct
1996Patrick Ewing
98.7%
1995Patrick Ewing
98.7%
1994Patrick Ewing
98.7%
1993Patrick Ewing
98.7%
1992Patrick Ewing
98.7%
1991Patrick Ewing
98.7%
1990Patrick Ewing
98.7%
1989Patrick Ewing
98.7%
1988Patrick Ewing
98.7%
1976Walt Frazier
94.8%
1975Walt Frazier
94.8%
1974Walt Frazier
94.8%
1973Walt Frazier
94.8%
1972Walt Frazier
94.8%
1971Walt Frazier
94.8%
1970Walt Frazier
94.8%
1971Willis Reed
92.1%
1970Willis Reed
92.1%
1969Willis Reed
92.1%
1968Willis Reed
92.1%
1967Willis Reed
92.1%
1966Willis Reed
92.1%
1965Willis Reed
92.1%
2001Allan Houston
87.3%
2000Allan Houston
87.3%
1994John Starks
86.9%
2011Amar'e Stoudemire
85%
1994Charles Oakley
83.1%
1985Bernard King
83.1%
1984Bernard King
83.1%
Year Player % Correct
1977Earl Monroe
78.9%
1975Earl Monroe
78.9%
2010David Lee
76.2%
2001Latrell Sprewell
74.9%
1974Dave DeBusschere
74.3%
1973Dave DeBusschere
74.3%
1972Dave DeBusschere
74.3%
1971Dave DeBusschere
74.3%
1970Dave DeBusschere
74.3%
1973Bill Bradley
72%
1989Mark Jackson
71.4%
1963Richie Guerin
41.7%
1962Richie Guerin
41.7%
1961Richie Guerin
41.7%
1960Richie Guerin
41.7%
1982Michael Ray Richardson
41.5%
1981Michael Ray Richardson
41.5%
1980Michael Ray Richardson
41.5%
1980Bill Cartwright
41.3%
1968Dick Barnett
36.5%
1978Bob McAdoo
28.8%
1962Willie Naulls
15.2%
1961Willie Naulls
15.2%
1960Willie Naulls
15.2%
1963Johnny Green
12.9%
1962Johnny Green
12.9%
1964Tom Gola
8.8%
1963Tom Gola
8.8%
1964Len Chappell
5%

You're not logged in!

Compare scores with friends on all Sporcle quizzes.
Join for Free
OR
Log In

You Might Also Like...

Show Comments

Extras

Top Quizzes Today


Score Distribution

Your Account Isn't Verified!

In order to create a playlist on Sporcle, you need to verify the email address you used during registration. Go to your Sporcle Settings to finish the process.

Report this User

Report this user for behavior that violates our Community Guidelines.

Details: